Normal view MARC view

Entry Personal Name

Number of records used in: 1

001 - CONTROL NUMBER

  • control field: 7747

003 - CONTROL NUMBER IDENTIFIER

  • control field: OSt

005 - DATE AND TIME OF LATEST TRANSACTION

  • control field: 20160412162014.0

008 - FIXED-LENGTH DATA ELEMENTS

  • fixed length control field: 160412|| aca||aabn | a|a d

040 ## - CATALOGING SOURCE

  • Original cataloging agency: OSt
  • Transcribing agency: OSt

100 ## - HEADING--PERSONAL NAME

  • Personal name: Singh, Katar,
  • Dates associated with a name: 1939-

670 ## - SOURCE DATA FOUND

  • Source citation: Work cat.: (OSt)3467: Singh, Katar, 1939-, Rural development :, 1999.